<?xml version="1.0" encoding="UTF-8"?><?xml-stylesheet type="text/xsl" href="static/style.xsl"?><OAI-PMH xmlns="http://www.openarchives.org/OAI/2.0/" xmlns:xsi="http://www.w3.org/2001/XMLSchema-instance" xsi:schemaLocation="http://www.openarchives.org/OAI/2.0/ http://www.openarchives.org/OAI/2.0/OAI-PMH.xsd"><responseDate>2026-06-03T07:14:22Z</responseDate><request verb="GetRecord" identifier="oai:riuma.uma.es:10630/30062" metadataPrefix="marc">https://riuma.uma.es/rest/oai/request</request><GetRecord><record><header><identifier>oai:riuma.uma.es:10630/30062</identifier><datestamp>2026-02-03T11:38:57Z</datestamp><setSpec>com_10630_2254</setSpec><setSpec>col_10630_37956</setSpec></header><metadata><record xmlns="http://www.loc.gov/MARC21/slim" xmlns:dcterms="http://purl.org/dc/terms/" xmlns:doc="http://www.lyncode.com/xoai" xmlns:xsi="http://www.w3.org/2001/XMLSchema-instance" xsi:schemaLocation="http://www.loc.gov/MARC21/slim http://www.loc.gov/standards/marcxml/schema/MARC21slim.xsd">
   <leader>00925njm 22002777a 4500</leader>
   <datafield ind2=" " ind1=" " tag="042">
      <subfield code="a">dc</subfield>
   </datafield>
   <datafield ind2=" " ind1=" " tag="720">
      <subfield code="a">Pineda-Hernández, Inmaculada Concepción</subfield>
      <subfield code="e">author</subfield>
   </datafield>
   <datafield ind2=" " ind1=" " tag="260">
      <subfield code="c">2023-06-12</subfield>
   </datafield>
   <datafield ind2=" " ind1=" " tag="520">
      <subfield code="a">Scholars around the world have studied the impact that using social media in formal learning settings can have on students: from improving the understanding of content, to having access to information about current affairs, to fostering the emergence of (online) international communities of practice, and engaging in the practice of other languages. When integrated in formal university curricula, social media can help teachers succeed at specific teaching goals and they can encourage learners to achieve definite learning outcomes. However, the effects of extramural use of institutional social media have been less often explored. The current chapter explores the impact that extramural use of Twitter has had on university students' during the COVID-19 national lockdown in Spain (March- June 2020), by analyzing the University of Malaga's Twitter account for the English Studies degree (@EEII_UMA). The study is divided into two sections: one looking at Twitter interaction during that period, assessing the employment of typically Virtual English as a lingua franca (VELF) strategies such as transmodal, translingual and trans-epistemic practices and a second one, discussing potential applications for teaching in formal academic settings.</subfield>
   </datafield>
   <datafield ind1="8" ind2=" " tag="024">
      <subfield code="a">Pineda I. 2023. Virtual English as a lingua franca, Transmodal, Translingual and transcultural strategies in Twitter: The case study of @EEII_UMA. In Pineda, I. &amp; Bosso, R. (Eds.) Virtual English as a lingua Franca.Routledge</subfield>
   </datafield>
   <datafield ind1="8" ind2=" " tag="024">
      <subfield code="a">https://hdl.handle.net/10630/30062</subfield>
   </datafield>
   <datafield ind1="8" ind2=" " tag="024">
      <subfield code="a">10.13140/RG.2.2.20252.97928</subfield>
   </datafield>
   <datafield tag="653" ind2=" " ind1=" ">
      <subfield code="a">Segunda lengua - Adquisición</subfield>
   </datafield>
   <datafield ind2="0" ind1="0" tag="245">
      <subfield code="a">Virtual English as a lingua franca, Transmodal, Translingual and transcultural strategies in Twitter</subfield>
   </datafield>
</record>
</metadata></record></GetRecord></OAI-PMH>